|
|
|
|
| LEADER |
01312cam a2200349Ia 4500 |
| 001 |
9780203458815 |
| 003 |
FlBoTFG |
| 005 |
20091230162920.0 |
| 006 |
a|||||s||||||||||| |
| 007 |
cr|||| |
| 008 |
000823s2001 enkab sb 001 0 eng d |
| 020 |
|
|
|a 9780203458815 (e-book : PDF)
|
| 040 |
|
|
|a FlBoTFG
|c FlBoTFG
|d GrThAP
|
| 041 |
1 |
|
|a eng
|h ger
|
| 043 |
|
|
|a e-gr---
|
| 090 |
|
|
|a DF275
|b .G6413 2001
|
| 092 |
|
|
|a 914.95120493
|b G599
|
| 100 |
1 |
|
|a Goette, Hans Rupprecht.
|
| 240 |
1 |
0 |
|a Athen, Attika, Megaris.
|l English
|
| 245 |
1 |
0 |
|a Athens, Attica, and the Megarid
|h [electronic resource] :
|b an archaeological guide /
|c Hans Rupprecht Goette.
|
| 250 |
|
|
|a Rev. and updated English ed.
|
| 260 |
|
|
|a London ;
|a New York :
|b Routledge,
|c 2001.
|
| 300 |
|
|
|a xiv, 400 p. :
|b ill., maps.
|
| 504 |
|
|
|a Includes bibliographical references (p. [385]-400) and index.
|
| 530 |
|
|
|a Also available in print edition.
|b CRC Press (http://www.crcpress.com)
|
| 538 |
|
|
|a Mode of access: World Wide Web.
|
| 651 |
|
0 |
|a Athens (Greece)
|x Antiquities
|v Guidebooks.
|
| 651 |
|
0 |
|a Attikåe (Greece)
|x Antiquities
|v Guidebooks.
|
| 651 |
|
0 |
|a Megara (Greece)
|x Antiquities
|v Guidebooks.
|
| 655 |
|
7 |
|a Electronic books.
|2 lcsh
|
| 776 |
1 |
|
|z 9780415243704
|
| 856 |
4 |
0 |
|u http://www.tandfebooks.com/isbn/9780203458815
|z Full Text via HEAL-Link
|